संस्कृत सुभाषित कोष / (Record no. 205756)

MARC details
000 -LEADER
fixed length control field 00958nam a22002057a 4500
005 - DATE AND TIME OF LATEST TRANSACTION
control field 20241206105250.0
010 ## - LCCN (DPL NO)
LC control number HIN-128393
020 ## - INTERNATIONAL STANDARD BOOK NUMBER
International Standard Book Number 9789394755000
Terms of availability 350.00
035 ## - SYSTEM CONTROL NUMBER
System control number HN-100739
037 ## - SOURCE OF ACQUISITION
Source of stock number/acquisition DBAD
082 ## - DEWEY DECIMAL CLASSIFICATION NUMBER
Classification number 423.2
245 ## - TITLE STATEMENT
Title संस्कृत सुभाषित कोष /
Statement of responsibility, etc रामप्रकाश शर्मा द्वारा संपादित
250 ## - EDITION STATEMENT
Edition statement प्रथम
260 ## - PUBLICATION, DISTRIBUTION, ETC. (IMPRINT)
Place of publication, distribution, etc नई दिल्ली
Name of publisher, distributor, etc ज्ञान विज्ञान एजुकेयर
Date of publication, distribution, etc 2022
270 ## - ADDRESS
Address 3639 ,प्नेरथम तल ताजी सुभाष मार्ग ,दरयागंज
City नई दिल्ली
Postal code 110002
300 ## - PHYSICAL DESCRIPTION
Extent 167 पृ.
Dimensions 23 सेमी (अजिल्द)
650 ## - SUBJECT ADDED ENTRY--TOPICAL TERM
Topical term or geographic name as entry element हिन्दी
700 ## - ADDED ENTRY--PERSONAL NAME
Personal name शर्मा ,रामप्रकाश
Relator term संपादक
9 (RLIN) 71413
942 ## - ADDED ENTRY ELEMENTS (KOHA)
Institution code [OBSOLETE] dpl
Item type Hindi Books
Source of classification or shelving scheme Dewey Decimal Classification
Classification part 423.2
Call number suffix संस्कृ
Holdings
Withdrawn status Lost status Not for loan Collection code Home library Current library Date acquired Source of acquisition Cost, normal purchase price Full call number Barcode Copy number Cost, replacement price Koha item type
      Non-fiction Bawana Bawana 10/09/2024 DBAD 350.00 423.2 संस्कृत HN-100739 1 350.00 Hindi Books

© Delhi Public Library
Hit Counter
free hit counter